| 000 | 00953nam0a22002411 4500 | ||
|---|---|---|---|
| 001 | rc\938974 | ||
| 005 | 20260406200357.0 | ||
| 035 | _a(NLR Aleph) 006111619 | ||
| 090 |
_a5365252 _c5365252 |
||
| 100 | _a20041129d1982 |||y0rusy50 ca | ||
| 101 | 0 | _arus | |
| 102 | _aRU | ||
| 105 | _aa ||||||||| | ||
| 200 | 1 |
_aПривитие учащимся навыков трудовой деятельности при обучении математике _e(Из опыта работы Петровской В.И.) _f[Подгот. Р. Загурской] |
|
| 210 |
_aЦелиноград _cБ. и. _d1982 |
||
| 215 |
_a11 с. _cил. _d20 |
||
| 700 | 1 |
_aЗагурская _bР. |
|
| 712 | 0 | 2 |
_aЦелиноградский областной институт усовершенствования учителей _3RU\NLR\AUTH\889959868 _9415972 |
| 801 | 0 |
_aRU _bNLR _gpsbo |
|
| 801 | 1 |
_aRU _bELAR _2rusmarc |
|
| 852 |
_aNLR _j82-4/33333 |
||
| 942 | _cBOOK | ||
| 980 | _aNB | ||